000 00690nam a2200205 i 4500
001 37234
003 ES-MaACL
005 20230906155530.0
007 t|
008 030220s1974 sp ||||1| spa d
100 1 _aBuckingham, William B.
_932321
245 1 0 _aPropedéutica clínica /
_c[William B. Buckingham, Marshall Sparberg, Martin Brandfonbrener ; versión J. R. Laporte Roselló].
250 _a1ª ed.
260 _aBarcelona :
_bToray,
_c[1974]
300 _aVIII, 336 p. :
_b4 lám., il. ;
_c24 cm.
700 1 _aSparberg, Marshall.
_9107641
700 1 _aBrandfonbrener, Martin.
_931341
700 1 _aLaporte Roselló, J. R.
_970176
852 _aES-MaACL
_jC-55937
_bR.88527
999 _c37234
_d37234